|
|
|
|
| LEADER |
01333nam a2200313 u 4500 |
| 001 |
10022520 |
| 003 |
upatras |
| 005 |
20210519142031.0 |
| 008 |
990607s1995 uk eng |
| 020 |
|
|
|a 0471957127
|
| 040 |
|
|
|a GR-PaULI
|c GR-PaULI
|
| 041 |
0 |
|
|a eng
|
| 082 |
0 |
4 |
|a 616.075 61
|
| 100 |
1 |
|
|a Groner, Warren
|9 147890
|
| 245 |
1 |
0 |
|a Practical guide to modern hematology analyzers
|c Warren Groner, Elkin Simson
|
| 260 |
|
|
|a Chichester
|b John Wiley & Sons
|c 1995
|
| 300 |
|
|
|a xiii, 241 p.
|b fig.
|c 24 cm.
|
| 504 |
|
|
|a Includes index
|
| 650 |
|
4 |
|a Αίμα
|x Ανάλυση
|9 55534
|
| 650 |
|
4 |
|a Παθολογία
|9 5202
|
| 650 |
|
4 |
|a Αιματολογία
|9 2778
|
| 700 |
1 |
|
|a Simson, Elkin
|9 147891
|
| 852 |
|
|
|a GR-PaULI
|b ΠΑΤΡΑ
|b ΒΚΠ
|b ΒΣ1
|k ΑΣΧΞ
|h 616.075 61 G
|m 044299
|p 025000057891
|t 1
|
| 852 |
|
|
|a GR-PaULI
|b ΠΑΤΡΑ
|b ΒΚΠ
|b ΒΣ1
|k ΑΣΧΞ
|h 616.075 61 GRO
|m 044298
|p 025000057892
|t 2
|
| 942 |
|
|
|2 ddc
|c BK15
|
| 952 |
|
|
|0 0
|1 0
|4 0
|6 616_075000000000000_61_G
|7 0
|9 187022
|a LISP
|b LISP
|c BSC
|d 2016-04-24
|i 044299
|l 0
|o 616.075 61 G
|p 025000057891
|r 2016-04-24 00:00:00
|t 1
|w 2016-04-24
|y BK15
|
| 952 |
|
|
|0 0
|1 0
|4 0
|6 616_075000000000000_61_GRO
|7 0
|9 187023
|a LISP
|b LISP
|c BSC
|d 2016-04-24
|i 044298
|l 0
|o 616.075 61 GRO
|p 025000057892
|r 2016-04-24 00:00:00
|t 2
|w 2016-04-24
|y BK15
|
| 998 |
|
|
|c ΣΚΟΝΔΡΑ
|d 2010-03
|
| 999 |
|
|
|c 115360
|d 115360
|